Servicios públicos y organismos de control (Registro nro. 469)
[ vista simple ]
| 000 -LEADER | |
|---|---|
| fixed length control field | 01293 a2200277 4500 |
| 001 - CONTROL NUMBER | |
| control field | 10507 |
| 005 - DATE AND TIME OF LATEST TRANSACTION | |
| control field | 20260407155439.0 |
| 008 - FIXED-LENGTH DATA ELEMENTS--GENERAL INFORMATION | |
| fixed length control field | 260407a2005 arg spa d |
| 003 - CONTROL NUMBER IDENTIFIER | |
| control field | AR-UNSa-BCEJYS |
| 040 ## - CATALOGING SOURCE | |
| Original cataloging agency | AR-UNSa-BCEJYS |
| Language of cataloging | spa |
| Transcribing agency | AR-UNSa-BCEJYS |
| 080 ## - UNIVERSAL DECIMAL CLASSIFICATION NUMBER | |
| Universal Decimal Classification number | 351.824.11 |
| Common auxiliary subdivision | Servicios públicos (producción de luz, calor, energía mecánica. Industria eléctrica. Industria del gas) |
| 020 ## - INTERNATIONAL STANDARD BOOK NUMBER | |
| International Standard Book Number | 978-987-592-061-3 |
| 041 ## - LANGUAGE CODE | |
| Language code of text/sound track or separate title | spa |
| 100 1# - MAIN ENTRY--PERSONAL NAME | |
| Personal name | Pérez Hualde, Alejandro |
| 245 10 - TITLE STATEMENT | |
| Title | Servicios públicos y organismos de control |
| 264 #1 - PRODUCTION, PUBLICATION, DISTRIBUTION, MANUFACTURE, AND COPYRIGHT NOTICE | |
| Place of production, publication, distribution, manufacture | Buenos Aires : |
| Name of producer, publisher, distributor, manufacturer | Lexis Nexis |
| Date of production, publication, distribution, manufacture, or copyright notice | 2005 |
| 300 ## - PHYSICAL DESCRIPTION | |
| Extent | 313 p. |
| Dimensions | 22 cm. |
| 505 ## - FORMATTED CONTENTS NOTE | |
| Formatted contents note | 1. Servicios públicos, régimen, regulación y organismos de control - 2. Entes reguladores - 3. Paradigmas actuales de la regulación - 4. ¿Son competentes los entes reguladores para condenar a las prestadoras a indemnizar los daños sufridos por usuarios del servicio? -5. Los procedimientos ante los entes reguladores - 6. Facultades de los entes reguladores en materia tarifaria - 7. Responsabilidad de los entes reguladores |
| 590 ## - LOCAL NOTE (RLIN) | |
| Local note | niveau_biblio:m niveau_hierar:0 |
| 700 1# - ADDED ENTRY--PERSONAL NAME | |
| Personal name | Emili, Eduardo O. |
| 700 1# - ADDED ENTRY--PERSONAL NAME | |
| Personal name | Bustelo, Ernesto N. |
| 700 1# - ADDED ENTRY--PERSONAL NAME | |
| Personal name | Lara, Andrea J. |
| 700 1# - ADDED ENTRY--PERSONAL NAME | |
| Personal name | Boullaude, Gustavo |
| 700 1# - ADDED ENTRY--PERSONAL NAME | |
| Personal name | Rodríguez, Sergio I. |
| 942 ## - ADDED ENTRY ELEMENTS (KOHA) | |
| Koha item type | |
| Withdrawn status | Lost status | Damaged status | Not for loan | Home library | Current library | Shelving location | Date acquired | Total checkouts | Full call number | Barcode | Date last seen | Price effective from | Koha item type |
|---|---|---|---|---|---|---|---|---|---|---|---|---|---|
| Biblioteca Prof. Eusebio Cleto del Rey | Biblioteca Prof. Eusebio Cleto del Rey | 07/04/2026 | 351.824.11 P438 | L118889 | 07/04/2026 | 07/04/2026 | Libro | ||||||
| Biblioteca Prof. Eusebio Cleto del Rey | Biblioteca Prof. Eusebio Cleto del Rey | 07/04/2026 | 351.824.11 P438 | L118890 | 07/04/2026 | 07/04/2026 | Libro |